000 01272cam a2200313 a 4500
999 _c331911
_d331911
001 1123069
003 NUST
005 20171102103133.0
008 940121s1994 nyua b 001 0 eng
010 _a 94003875
020 _a0471309850 (alk. paper)
020 _a0471309869 (alk. paper : pbk.)
040 _aDLC
_cDLC
_dDLC
050 0 0 _aQR48
_b.B53 1994
082 0 0 _a628.301576 BIT
_220
100 1 _aBitton, Gabriel.
_95831
245 1 0 _aWastewater microbiology /
_cGabriel Bitton.
260 _aNew York :
_bWiley-Liss,
_cc1994.
300 _ax, 478 p. :
_bill. ;
_c26 cm.
440 0 _aWiley series in ecological and applied microbiology
_95832
500 _aP.B
504 _aIncludes bibliographical references p. (381-448) and index.
650 0 _aSanitary microbiology.
_92527
650 0 _aWater
_xMicrobiology.
_95833
650 0 _aSewage
_xMicrobiology.
_95834
856 4 _3Table of Contents
_uhttp://www.loc.gov/catdir/toc/onix05/94003875.html
856 4 2 _3Publisher description
_uhttp://www.loc.gov/catdir/enhancements/fy0706/94003875-d.html
906 _a7
_bcbc
_corignew
_d1
_eocip
_f19
_gy-gencatlg
942 _2ddc
_cBK
_kIESE